000 00816nam a2200241 a 4500
001 000039151
005 20201002031522.0
008 130528s2012 dr 000 j spa d
020 _a9789945165197
040 _aDO-SdBNP
_bspa
_cBNPHU
082 _aPR863.44
_bV648b
100 1 _aVidal Rodríguez, Rayza,
_d1965-
_965355
245 1 0 _aBrevísimos para la elegancia :
_bmicrocuentos /
_cRayza Vidal.
260 _aSanto Domingo :
_bBúho,
_c2012.
300 _a133 p. ;
_c22 cm.
490 1 _aColección de autora
500 _aIncluye datos biográficos del autor en la solapa de la cubierta.
590 _aInventariado, 2020/VM
650 4 _aCuentos puertorriqueños
_9249
650 4 _aLiteratura puertorriqueña
_9250
830 0 _aColección de autora
_965356
910 _aValidado. Control de calidad EMS.
999 _c38641
_d38641